QUEST Central Library Banner

Electronic devices and circuits / (Record no. 8989)

MARC details
000 -LEADER
fixed length control field 00473nam a2200157 a 4500
100 1# - MAIN ENTRY--AUTHOR NAME
Personal name Mithal G K.
245 10 - TITLE STATEMENT
Title Electronic devices and circuits /
250 ## - EDITION STATEMENT
Edition statement 23 rd ed.
260 ## - PUBLICATION, DISTRIBUTION, ETC. (IMPRINT)
Place of publication [S.l.] :
Name of publisher Prentice Hall,
Year of publication 2006.
300 ## - PHYSICAL DESCRIPTION
Number of Pages 896 p. ;
856 40 - ELECTRONIC LOCATION AND ACCESS
Uniform Resource Identifier http://www.amazon.com/exec/obidos/ASIN/chopaconline-20
Holdings
Withdrawn status Lost status Home library Current library Date acquired Cost, normal purchase price Full call number Accession Number Koha item type Collection code
    Central Library, QUEST, Nawabshah Central Library, QUEST, Nawabshah 22/08/2014 505.00 621.381530422MIT 31091 Books  
    Central Library, QUEST, Nawabshah Central Library, QUEST, Nawabshah 13/08/2021   621.3815MIT D2087 Books  
    Reference Section Reference Section 22/08/2014 505.00 621.381530422MIT (Shelf - 55A) 31092 Books Reference

Copyright © 2018,The QUEST, Nawabshah, Shaheed Benazirabad. All rights reserved
Mr. G. Farooq Channar (Librarian) QUEST, Nawabshah, Sindh, Pakistan 67480.
 Ph#: |   0244-9370381-4 Ext. 2308   Email| lib@quest.edu.pk   Web|  http://www.quest.edu.pk